Out came the sun, prep 2. (Record no. 112726)
[ view plain ]
| 000 -LEADER | |
|---|---|
| fixed length control field | 00441nam a2200169 a 4500 |
| 001 - CONTROL NUMBER | |
| control field | 1819 |
| 005 - DATE AND TIME OF LATEST TRANSACTION | |
| control field | 20140414131948.0 |
| 008 - FIXED-LENGTH DATA ELEMENTS--GENERAL INFORMATION | |
| fixed length control field | 010329s19uu xx 00 eng d |
| 020 ## - INTERNATIONAL STANDARD BOOK NUMBER | |
| International Standard Book Number | 971-27-0017-8 |
| 050 ## - LIBRARY OF CONGRESS CALL NUMBER | |
| Classification number | TR 428.6 |
| Item number | O97 1991 |
| 245 ## - TITLE STATEMENT | |
| Title | Out came the sun, prep 2. |
| 260 ## - PUBLICATION, DISTRIBUTION, ETC. (IMPRINT) | |
| Place of publication, distribution, etc | Pasig : |
| Name of publisher, distributor, etc | Anvil Pub., |
| Date of publication, distribution, etc | 1991. |
| 300 ## - PHYSICAL DESCRIPTION | |
| Extent | 78 p. ; cm. |
| 440 ## - SERIES STATEMENT/ADDED ENTRY--TITLE | |
| Title | Our World of Reading. |
| 650 ## - SUBJECT ADDED ENTRY--TOPICAL TERM | |
| Topical term or geographic name as entry element | Reading |
| General subdivision | Study and teaching. |
| Withdrawn status | Lost status | Damaged status | Home library | Current library | Shelving location | Date acquired | Source of acquisition | Total Checkouts | Full call number | Barcode | Date last seen | Price effective from | Koha item type |
|---|---|---|---|---|---|---|---|---|---|---|---|---|---|
| Munich Library | Munich Library | Teachers Reference Section | 12/29/2004 | TR 428.6 O97 1991 | M4110 | 04/14/2014 | 04/14/2014 | Books |